Personnages de The White Lotus par image - 2 - Statistiques

Statistiques générales
  • Ce quiz a été pris 11 fois
  • Le résultat moyen est 3 sur 12
Statistiques - réponses
Par images Réponse % Correct
Valentin
70%
Thidapon Sornsin (Mook)
60%
Timothy Ratliff
50%
Kate Bohr
30%
Quinn Mossbacher
30%
Armond
20%
Cameron Sullivan
20%
Mia
20%
Shane Patton
20%
Dominic Di Grasso
10%
Harper Spiller
10%
Nicole Mossbacher
0%
Aucun quiz correspondant
Distribution des résultats
% des personnes avec chaque résultat
Percentile par nombre de réponses
Votre historique - résultats
Vous n’avez pas pris ce quiz